5HLuxD.jpg

KING HENRY VIII SENIOR AND PRIMARY SCHOOL LIBRARY OPAC

Empire of storms : (Record no. 991)

000 -LEADER
fixed length control field 01368cam a2200373 i 4500
001 - CONTROL NUMBER
control field vtls002149650
003 - CONTROL NUMBER IDENTIFIER
control field VRT
005 - DATE AND TIME OF LATEST TRANSACTION
control field 20200310111811.0
008 - FIXED-LENGTH DATA ELEMENTS--GENERAL INFORMATION
fixed length control field 171219t20172016nyua d 000 1 eng d
020 ## - INTERNATIONAL STANDARD BOOK NUMBER
International Standard Book Number 1619636093
Qualifying information (paperback)
020 ## - INTERNATIONAL STANDARD BOOK NUMBER
International Standard Book Number 9781619636095
Qualifying information (paperback) :
035 ## - SYSTEM CONTROL NUMBER
System control number (OCoLC)ocn967029764
040 ## - CATALOGING SOURCE
Original cataloging agency YDX
Language of cataloging eng
Description conventions rda
Transcribing agency YDX
Modifying agency JBL
-- TDS
-- CHILD
-- EHH
-- OCLCF
-- WHWPL
-- ORU
-- TKU
042 ## - AUTHENTICATION CODE
Authentication code nbic
082 ## - DEWEY DECIMAL CLASSIFICATION NUMBER
Classification number FIC MAA
100 1# - MAIN ENTRY--PERSONAL NAME
Personal name Maas, Sarah J.,
Relator term author.
245 10 - TITLE STATEMENT
Title Empire of storms :
Remainder of title a throne of glass novel /
Statement of responsibility, etc. Sarah J. Maas.
250 ## - EDITION STATEMENT
Edition statement Paperback edition.
264 #1 - PRODUCTION, PUBLICATION, DISTRIBUTION, MANUFACTURE, AND COPYRIGHT NOTICE
Place of production, publication, distribution, manufacture New York :
Name of producer, publisher, distributor, manufacturer Bloomsbury,
Date of production, publication, distribution, manufacture, or copyright notice 2017.
264 #4 - PRODUCTION, PUBLICATION, DISTRIBUTION, MANUFACTURE, AND COPYRIGHT NOTICE
Date of production, publication, distribution, manufacture, or copyright notice ©2016.
300 ## - PHYSICAL DESCRIPTION
Extent 693 pages :
Other physical details maps ;
Dimensions 21 cm.
336 ## - CONTENT TYPE
Content type term text
Content type code txt
Source rdacontent.
337 ## - MEDIA TYPE
Media type term unmediated
Media type code n
Source rdamedia.
338 ## - CARRIER TYPE
Carrier type term volume
Carrier type code nc
Source rdacarrier.
440 ## - SERIES STATEMENT/ADDED ENTRY--TITLE
Title Throne of glass ;
Number of part/section of a work Book 5.
500 ## - GENERAL NOTE
General note Includes excerpt from the author's Tower of dawn.
500 ## - GENERAL NOTE
General note Sequel to: Queen of shadows.
520 ## - SUMMARY, ETC.
Summary, etc. Aelin Galathynius embarks on an epic and desperate quest to protect all that she loves from falling into the hands of the dark forces that threaten to bring war to the fractured kingdom of Erilea.
650 #0 - SUBJECT ADDED ENTRY--TOPICAL TERM
Topical term or geographic name entry element Queens
Form subdivision Juvenile fiction.
650 #0 - SUBJECT ADDED ENTRY--TOPICAL TERM
Topical term or geographic name entry element Assassins
Form subdivision Juvenile fiction.
650 #0 - SUBJECT ADDED ENTRY--TOPICAL TERM
Topical term or geographic name entry element Magic
Form subdivision Juvenile fiction.
655 #0 - INDEX TERM--GENRE/FORM
Genre/form data or focus term Young adult fiction.
942 ## - ADDED ENTRY ELEMENTS (KOHA)
Source of classification or shelving scheme
Koha item type Books - Fiction
Holdings
Withdrawn status Lost status Source of classification or shelving scheme Damaged status Not for loan Collection code Permanent Location Current Location Shelving location Date acquired Total Checkouts Full call number Barcode Date last seen Date last checked out Price effective from Koha item type
          Fiction KH8 Senior School Library KH8 Senior School Library Fiction 2020-03-10 5 FIC MAA 3KHSL000101734 2025-10-10 2025-09-30 2020-03-10 Books - Fiction

Powered By KH8 IT Dept